US Army Rangers & LRRP Units, 1942-87 /
| Main Author: | |
|---|---|
| Format: | Book |
| Language: | English French German |
| Published: |
London :
Osprey Pub.,
1987
|
| Series: | Elite series ;
13. |
| Subjects: |
MARC
| Tag | First Indicator | Second Indicator | Subfields |
|---|---|---|---|
| LEADER | 00000cam a2200000 a 4500 | ||
| 001 | in00001043621 | ||
| 005 | 20150928155357.0 | ||
| 008 | 871230s1987 enkaf 000 0 eng | ||
| 010 | |a 87214020 | ||
| 020 | |a 0850457955 : |c £5.50 | ||
| 035 | |a (OCoLC)19323076 | ||
| 035 | |9 AFJ4618AM | ||
| 040 | |a DLC |c DLC |d TXA |d UtOrBLW | ||
| 041 | 0 | |a eng |a fre |a ger | |
| 043 | |a n-us--- | ||
| 049 | |a TXAS [mil] | ||
| 050 | 0 | 0 | |a UA34.R36 |b R68 1987 |
| 082 | 0 | |a 356/.167/0973 |2 19 | |
| 100 | 1 | |a Rottman, Gordon L. | |
| 245 | 1 | 0 | |a US Army Rangers & LRRP Units, 1942-87 / |c text by Gordon L. Rottman ; colour plates by Ron Volstad. |
| 264 | 1 | |a London : |b Osprey Pub., |c 1987 | |
| 264 | 3 | |c 1991 printing | |
| 300 | |a 64 pages, 12 unnumbered pages of plates : |b illustrations (some color) ; |c 25 cm. | ||
| 336 | |a text |b txt |2 rdacontent | ||
| 337 | |a unmediated |b n |2 rdamedia | ||
| 338 | |a volume |b nc |2 rdacarrier | ||
| 490 | 1 | |a Elite series ; |v 13 | |
| 500 | |a Captions also in French and German. | ||
| 610 | 1 | 0 | |a United States. |b Army |x Commando troops |x History. |
| 610 | 1 | 0 | |a United States. |b Army |x Uniforms. |
| 740 | 0 | |a US Army Rangers and LRRP Units, 1942-87. | |
| 740 | 0 | |a U.S. Army Rangers & L.R.R.P. Units, 1942-87. | |
| 830 | 0 | |a Elite series ; |v 13. | |
| 999 | |a MARS | ||
| 999 | f | f | |s e5a73d63-de6a-3cb2-90b4-456aa1a3b363 |i c1bc5846-2c07-3886-a297-aada90f0d585 |t 0 |
| 952 | f | f | |p noncirc |a Texas A&M University |b College Station |c Cushing Memorial Library & Archives |s cush mil |d Cushing: Ragan Military (Does not check out) |t 0 |e UA34.R36 R68 1987 |h Library of Congress classification |i unmediated -- volume |
| 952 | f | f | |p normal |a Texas A&M University |b College Station |c Sterling C. Evans Library |s Evans stk |d Evans: Library Stacks |t 0 |e UA34.R36 R68 1987 |h Library of Congress classification |i unmediated -- volume |m A14834162190 |
| 998 | f | f | |a UA34.R36 R68 1987 |t 0 |l Evans: Library Stacks |
| 998 | f | f | |a UA34.R36 R68 1987 |t 0 |l Cushing: Ragan Military (Does not check out) |